Statistiques concernant Titres avec des nombres

Cliquez ici pour prendre le quiz!

Statistiques générales

  • Ce quiz a été pris 130 fois
  • Le résultat moyen est 14 sur 20

Statistiques - réponses

Titre sans le nombreRéponse% Correct
Les ... petits cochons3
98%
Les ...Fantastiques4
95%
...nuances de Grey50
95%
Le tour du monde en...jours80
94%
OSS...117
91%
Le Club des ...5
91%
Contes des ... nuits1001
88%
...lieues sous les mers20000
82%
...Jump Street21
80%
...heures moins le quart avant Jésus-Christ2
78%
...:L'Odyssée de l'Espace2001
77%
Le...élémentCinquième
77%
...de Georges Orwell1984
71%
Ranma...1/2
55%
...Deadly Sins7
54%
...sensSixième
54%
Le ...sexeDeuxième
48%
L'Homme qui valait...3 milliards
42%
Mob Psycho ...100
29%
Re-...Zéro
23%

Distribution des résultats

Percentile par nombre de réponses

% des personnes avec chaque résultat

Votre développement - résultats

Vous n’avez pas pris ce quiz